| 000 | 00484nam a2200181Ia 4500 | ||
|---|---|---|---|
| 005 | 20260429112227.0 | ||
| 008 | 260429s9999||||xx |||||||||||||| ||und|| | ||
| 020 | _a9788119684328 | ||
| 041 | _aEnglish | ||
| 082 |
_a001.4 _bTHO |
||
| 100 | _aThomas, Joseph I | ||
| 245 | 0 |
_aResearch and publication ethics / _cJoseph I Thomas |
|
| 260 |
_aJaipur : _bBook Enclave, _c2024. |
||
| 300 | _av, 115 p.; hb | ||
| 650 | _a Publication ethics | ||
| 650 | _aResearch ethics | ||
| 942 | _cTB | ||
| 999 |
_c52997 _d52997 |
||